India in the interim : (Record no. 751397)

MARC details
000 -LEADER
fixed length control field 01365nam a22001817a 4500
020 ## - INTERNATIONAL STANDARD BOOK NUMBER
ISBN 9781009525268
082 00 - DEWEY DECIMAL CLASSIFICATION NUMBER
Classification number 954.035 ANK/I
100 1# - MAIN ENTRY--AUTHOR NAME
Personal name Ankit, Rakesh,
245 10 - TITLE STATEMENT
Title India in the interim :
Sub Title the 1947-1951 Nehru government /
Statement of responsibility, etc by Rakesh Ankit.
246 30 - VARYING FORM OF TITLE
Title proper/short title 1947-1951 Nehru government
260 ## - PUBLICATION, DISTRIBUTION, ETC. (IMPRINT)
Place of publication . - U.K
Name of publisher Cambridge University press
Year of publication , 2024
300 ## - PHYSICAL DESCRIPTION
Number of Pages 256 pages
504 ## - BIBLIOGRAPHY, ETC. NOTE
Bibliography, etc Includes bibliographical references and index.
520 ## - SUMMARY, ETC.
Summary, etc "This book shows a slice of the governmental interregnum from August 1947 to the start of the first general election in October 1951, and is a narrative of some of its intermediate moments in light of contemporary politics. It is a multi-track chronicle, which draws attention to its discrete, if not determining, impact on the following decade of consolidation. While it is also a map of the prime minister's words and actions, drawn as it is mainly from his papers, it is embedded in the government. It describes a time of transitional governance in independent India's early political history and gives a glimpse of its multiple individual traits, identity tensions and institutional trends. The Nehruvian gaze traced here shows what a constant flux governing in those unsettled post-partition years was"--
650 #0 - SUBJECT ADDED ENTRY--TOPICAL TERM
Topical Term Interim governments
Geographic subdivision India
942 ## - ADDED ENTRY ELEMENTS (KOHA)
Source of classification or shelving scheme Dewey Decimal Classification
Koha item type Book
Holdings
Withdrawn status Lost status Source of classification or shelving scheme Damaged status Not for loan Home Library Current Location Date acquired Full call number Accession Number Price effective from Koha item type
    Dewey Decimal Classification     Dept. of Political Science Dept. of Political Science 03/03/2025 954.035 ANK/I POL23777 16/09/2025 Book